Myšlením k bohatství

Enregistré dans:
Détails bibliographiques
Auteur principal: Hill, Napoleon
Autres auteurs: Žáková, Vladimíra
Format: Livre
Langue:tchèque
Publié: Praha PRAGMA 1990
Édition:1. vyd.
Tags: Ajouter un tag
Pas de tags, Soyez le premier à ajouter un tag!

MARC

LEADER 00000nam a2200000 4500
001 c024802
005 20250221073638.3
041 0 |a cze 
044 |a CZ 
245 1 0 |a Myšlením k bohatství  |c Napoleon Hill ; [Z angl. prel.] Vladimíra Žáková 
250 |a 1. vyd. 
264 1 |a Praha  |b PRAGMA  |c 1990 
300 |a 207 s. 
100 1 |a Hill, Napoleon 
700 1 |a Žáková, Vladimíra